Statistiken für Gastgeber der Fußball-Weltmeisterschaften

Klicken Sie hier um das Quiz zu spielen!

Allgemein

  • Dieses Quiz wurde 7.283 mal gespielt
    (6.439 seit der letzten Aktualisierung)
  • Das Durchschnittsergebnis liegt bei 20 aus 23

Antwortstatistiken

JahrLand% Korrekt
1974BR Deutschland
99%
2006Deutschland
99%
1950Brasilien
98%
2014Brasilien
98%
2018Russland
97%
1938Frankreich
96%
1998Frankreich
96%
1934Italien
94%
1990Italien
94%
2022Katar
94%
1982Spanien
93%
1994USA
91%
1978Argentinien
90%
2010Südafrika
89%
2002Japan
86%
1966England
81%
1930Uruguay
81%
2002Südkorea
80%
1986Mexiko
78%
1970Mexiko
78%
1954Schweiz
72%
1958Schweden
60%
1962Chile
51%

Verteilung der Resultate

Perzentil nach korrekt beantworteten Fragen

Anzahl Personen mit jedem Resultat

Ihre Resultats-Entwicklung

Sie haben dieses Quiz seit der letzten Aktualisierung nicht gespielt